000 00722nam a22002417a 4500
003 UA-OsUOA
001 81652
007 ta
008 20120206b un ||||| |||| 00| 0 ukr d
100 _aЧехов А.П.
090 _a821.161.1
_bЧ-56
942 _cBK
040 _aUA-OsUOA
_brus
_cUA-OsUOA
_dUA-OsUOA
245 _aПолное собрание сочинений и писем
_bв тридцати томах
_n8
300 _a525 с.
955 _a3
041 _arus
080 _a821.161.1
260 _aМ.
_bНаука
_c1977
246 3 1 _aСочинения в восемнадцати томах
_n
650 7 _a82 Література. Літературознавство
_2UDC
999 _c367952
_d367952